| 000 | 00535nam a2200169 i 4500 | ||
|---|---|---|---|
| 001 | 52704 | ||
| 003 | ES-MaACL | ||
| 005 | 20230906162630.0 | ||
| 007 | t| | ||
| 008 | 030903s1968 sp |||| | spa d | ||
| 100 | 1 |
_aDebicki, Andrew P. _943122 |
|
| 245 | 1 | 0 |
_aEstudios sobre poesía española contemporánea _b: la generación de 1924-1925 / _cAndrew P. Debicki. |
| 260 |
_aMadrid : _bGredos, _c[1968] |
||
| 300 |
_a331 p. ; _c20 cm. |
||
| 650 | 4 |
_aPoesía española- _yS.XX- _xHistoria y crítica. _916167 |
|
| 852 |
_aES-MaACL _jC-35053 |
||
| 999 |
_c52704 _d52704 |
||